| 000 | 00395pam a2200157a 44500 | ||
|---|---|---|---|
| 008 | 230515b0 xxu||||| |||| 00| 0 eng d | ||
| 020 | _a9.78007E+12 | ||
| 041 | _aNULL | ||
| 082 | _a005.133/JAM/RUS | ||
| 100 | _a"JAMES DAVID | ||
| 245 | _aORACLE E- BUSINESS SUITE FINANCIALS HANDBOOK | ||
| 250 | _a SEIBERT GRAHAM | ||
| 260 |
_a23 _b RUSSELL SIMON _c0 |
||
| 300 | _a6TH RP EDI | ||
| 650 | _a750 | ||
| 999 |
_c663910 _d663910 |
||